El deterioro del Capital social como promotor de la violencia y la delincuencia entre la población del municipio de Rioverde, San Luis Potosí/
Este estudio investiga el vínculo entre el deterioro del capital social y el aumento de la violencia y la delincuencia en el municipio de Rioverde, San Luis Potosí. Se examina cómo la disminución de la confianza, la cohesión social y la participación comunitaria afecta la dinámica social y contribuy...
Guardado en:
| Autor principal: | |
|---|---|
| Formato: | Libro |
| Lenguaje: | Spanish |
| Materias: | |
| Etiquetas: |
Agregar Etiqueta
Sin Etiquetas, Sea el primero en etiquetar este registro!
|
MARC
| LEADER | 00000nam a22000007a 4500 | ||
|---|---|---|---|
| 003 | cru CIDCACS/IIS | ||
| 005 | 20230902160936.0 | ||
| 007 | ta | ||
| 008 | 180207t2016 mx |||p|r||||||0| ||spa|d | ||
| 040 | |c cru CIDCACS/IIS | ||
| 100 | 1 | |9 6580 |a Rivera-González, José Guadalupe | |
| 245 | 1 | |a El deterioro del Capital social como promotor de la violencia y la delincuencia entre la población del municipio de Rioverde, San Luis Potosí/ |c José Guadalupe Rivera-González | |
| 300 | |a páginas 103-132: |b tabla | ||
| 520 | |a Este estudio investiga el vínculo entre el deterioro del capital social y el aumento de la violencia y la delincuencia en el municipio de Rioverde, San Luis Potosí. Se examina cómo la disminución de la confianza, la cohesión social y la participación comunitaria afecta la dinámica social y contribuye al aumento de problemas de seguridad. A través de métodos cualitativos y cuantitativos, se analizan las relaciones entre los residentes y la percepción de seguridad, así como la influencia de factores socioeconómicos y culturales en estas dinámicas. Los resultados resaltan la importancia de abordar el deterioro del capital social como parte integral de estrategias de prevención y reducción de la violencia y la delincuencia. RAR 10/2022 | ||
| 650 | 0 | |2 OCDE |9 11588 |a CAPITAL SOCIAL | |
| 650 | 0 | |2 OCDE |9 133 |a VIOLENCIA | |
| 650 | 0 | |2 OCDE |9 89 |a DELINCUENCIA | |
| 650 | 0 | |2 UNESCO |9 7877 |a COHESION SOCIAL | |
| 650 | 0 | |2 OCDE |9 2527 |a PARTICIPACION COMUNITARIA | |
| 650 | 0 | |2 OCDE |9 2345 |a SEGURIDAD | |
| 651 | 0 | |2 OCDE |9 3410 |a MEXICO | |
| 773 | 0 | |0 18818 |9 473 |a Universidad Autónoma del Estado de México. Centro de Investigación y Estudios Avanados de la Población |o R17990 |t PAPELES DE POBLACIÓN | |
| 942 | |2 ddc |c PP | ||
| 999 | |c 40954 |d 40954 | ||
